|
|
|
|
| LEADER |
00000nam0a2200000 4500 |
| 001 |
30096 |
| 005 |
20231101205942.0 |
| 010 |
|
|
|a 5941170017
|
| 035 |
|
|
|a (RuTPU)RU\TPU\book\30364
|
| 035 |
|
|
|a BOOK00030440
|
| 090 |
|
|
|a 30096
|
| 100 |
|
|
|a 20011209d2000 m y0rusy50 ca
|
| 101 |
0 |
|
|a rus
|
| 102 |
|
|
|a RU
|
| 105 |
|
|
|a a z 000ab
|
| 200 |
1 |
|
|a Рождение сверхдержавы
|e Книга об отце
|f С. Н. Хрущев
|
| 210 |
|
|
|a Москва
|c Время
|d 2000
|
| 215 |
|
|
|a 640 с.
|c ил.
|
| 225 |
1 |
|
|a Век и личность
|
| 600 |
|
1 |
|a Хрущев
|g Никита Сергеевич
|b Н. С.
|f 1894-1971
|c российский политический и государственный деятель
|c в 1953-64 1-й секретарь ЦК КПСС
|2 stltpui
|3 (RuTPU)RU\TPU\pers\395
|
| 606 |
1 |
|
|a Персоналии деятелей КПСС
|x История
|2 stltpush
|3 (RuTPU)RU\TPU\subj\48642
|9 67493
|
| 610 |
1 |
|
|a история
|
| 610 |
1 |
|
|a Россия
|
| 610 |
1 |
|
|a СССР
|
| 610 |
1 |
|
|a КПСС
|
| 610 |
1 |
|
|a 20 век
|
| 610 |
1 |
|
|a государственные деятели
|
| 610 |
1 |
|
|a политические деятели
|
| 610 |
1 |
|
|a международные отношения
|
| 610 |
1 |
|
|a США
|
| 610 |
1 |
|
|a Карибский кризис
|
| 686 |
|
|
|a Ф61(2)8
|v LBC/SL-A
|2 rubbk
|
| 686 |
|
|
|a Т3(2)6-8
|v LBC/SL-A
|2 rubbk
|
| 700 |
|
1 |
|a Хрущев
|b С. Н.
|g Сергей Никитич
|
| 801 |
|
0 |
|a RU
|b 63413507
|c 20011209
|g PSBO
|
| 801 |
|
2 |
|a RU
|b 63413507
|c 20140729
|g PSBO
|
| 942 |
|
|
|c BK
|